Innovation and entrepreneurship (Record no. 107795)

MARC details
000 -LEADER
fixed length control field 01119cam a22002535a 4500
001 - CONTROL NUMBER
control field L141919
008 - FIXED-LENGTH DATA ELEMENTS--GENERAL INFORMATION
fixed length control field 080115s2007 xxk f 001 0 eng d
020 ## - INTERNATIONAL STANDARD BOOK NUMBER
International Standard Book Number 9780750685085
035 ## - SYSTEM CONTROL NUMBER
System control number (Sirsi) u141919
041 0# - LANGUAGE CODE
Language code of text/sound track or separate title eng
050 04 - LIBRARY OF CONGRESS CALL NUMBER
Classification number 658 $2 18
100 1# - MAIN ENTRY--PERSONAL NAME
Personal name Drucker, Peter F
245 00 - TITLE STATEMENT
Title Innovation and entrepreneurship
Remainder of title practices and principles
250 ## - EDITION STATEMENT
Edition statement Rev. ed.
260 ## - PUBLICATION, DISTRIBUTION, ETC.
Place of publication, distribution, etc. London
Name of publisher, distributor, etc. Elsevier Science & Technology
Date of publication, distribution, etc. 2007
300 ## - PHYSICAL DESCRIPTION
Extent xvi, 253p.
Dimensions 24cm.
505 2# - FORMATTED CONTENTS NOTE
Formatted contents note The practice of innovation -- The practice of entrepreneurship -- Entrepreneurial strategies
520 ## - SUMMARY, ETC.
Summary, etc. Classic book on successful management theory by one of the world's leading authorities on the subject. Examines the practice of innovation, analysing market and industry structure, perceptions, demographics, knowledge and perception and how to use these sources to drive innovation. Addresses entrepreneurial management and strategies, addressing service institutions and ecological niches.
521 2# - TARGET AUDIENCE NOTE
Target audience note Advanced
590 ## - LOCAL NOTE (RLIN)
Local note KA
651 #4 - SUBJECT ADDED ENTRY--GEOGRAPHIC NAME
Geographic name International
690 ## - LOCAL SUBJECT ADDED ENTRY--TOPICAL TERM (OCLC, RLIN)
Topical term or geographic name as entry element MANAGEMENT-BUSINESS MANAGEMENT
942 ## - ADDED ENTRY ELEMENTS (KOHA)
Suppress in OPAC 0
Holdings
Withdrawn status Lost status Source of classification or shelving scheme Damaged status Not for loan Home library Current library Shelving location Date acquired Cost, normal purchase price Total Checkouts Full call number Barcode Date last seen Date last checked out Copy number Cost, replacement price Price effective from Koha item type
    Dewey Decimal Classification     London London Books 25/01/2008 12.99 2 658 DRU 30072530 06/08/2019 13/07/2009 1 12.99 06/08/2019 Book